Go figure (Record no. 78123)

MARC details
000 -LEADER
fixed length control field 00978cab a2200217 4500
001 - CONTROL NUMBER
control field ##L136074
008 - FIXED-LENGTH DATA ELEMENTS--GENERAL INFORMATION
fixed length control field 070108n2006 000 0 eng u
035 ## - SYSTEM CONTROL NUMBER
System control number (Sirsi) u136074
041 0# - LANGUAGE CODE
Language code of text/sound track or separate title eng
100 1# - MAIN ENTRY--PERSONAL NAME
Personal name Ortiz, Jose
245 00 - TITLE STATEMENT
Title Go figure
260 ## - PUBLICATION, DISTRIBUTION, ETC.
Date of publication, distribution, etc. 2006
490 #0 - SERIES STATEMENT
Series statement Building Services Journal
Volume/sequential designation 28(11) November 2006, 38-40(3)
520 ## - SUMMARY, ETC.
Summary, etc. Considers the reasons behind the growth of energy use in buildings in developed countries. Suggests that one key factor is the common use of HVAC systems in both residential and non-residential sectors. Focuses on energy use in non-domestic buildings, highlighting office and retail structures as the most energy intensive. Concludes that more data is required to fully understand the fundamental changes affecting energy use.
590 ## - LOCAL NOTE (RLIN)
Local note KA
651 #4 - SUBJECT ADDED ENTRY--GEOGRAPHIC NAME
Geographic name International
690 ## - LOCAL SUBJECT ADDED ENTRY--TOPICAL TERM (OCLC, RLIN)
Topical term or geographic name as entry element ENVIRONMENTAL AND LAND CONSULTANCY-ENERGY-ENERGY USE
700 1# - ADDED ENTRY--PERSONAL NAME
Personal name Pout, Christine
700 1# - ADDED ENTRY--PERSONAL NAME
Personal name Perez-Lombard, Luis
942 ## - ADDED ENTRY ELEMENTS (KOHA)
Suppress in OPAC 0
Holdings
Withdrawn status Lost status Source of classification or shelving scheme Damaged status Not for loan Home library Current library Shelving location Date acquired Total Checkouts Full call number Barcode Date last seen Copy number Price effective from Koha item type
    Dewey Decimal Classification     London London Journal article 08/01/2007   L136074 136074-1001 06/08/2019 1 06/08/2019 Journal article